000 00483nam a2200193 a 4500
001 1762176645348
003 ACL
005 20251103190208.0
008 251103s2003##################000#0#eng##
020 _a9780446692274
082 0 4 _a658.155
_bSLY
100 1 _aSlywotzky, Adrian,
_eauthor.
245 1 0 _aThe Art of Profitability :
260 _bBusiness Plus,
_c2003.
300 _a272 pages
650 0 _aBusiness & Economics.
942 _cENGLISH
040 _aACL
_beng
_cACL
999 _c595432
_d595432